Normal view MARC view

Entry Personal Name

Number of records used in: 1

001 - CONTROL NUMBER

  • control field: 971571

003 - CONTROL NUMBER IDENTIFIER

  • control field: OSt

005 - DATE AND TIME OF LATEST TRANSACTION

  • control field: 20260121114146.0

008 - FIXED-LENGTH DATA ELEMENTS

  • fixed length control field: 260121|| aca||aabn | a|a d

040 ## - CATALOGING SOURCE

  • Original cataloging agency: OSt
  • Transcribing agency: OSt

100 ## - HEADING--PERSONAL NAME

  • Personal name: Roger A. Grimes

670 ## - SOURCE DATA FOUND

  • Source citation: Work cat.: (OSt)1550825: Roger A. Grimes, Cryptography Apocalypse - Preparing for the Day When Quantum Computing Breaks Today's Crypto Edition 1
Copyright @ Delhi University Library System